| 000 | 00955nam a2200277 a 4500 | ||
|---|---|---|---|
| 001 | 1043659 | ||
| 003 | ARRUPE | ||
| 005 | 20160407124421.0 | ||
| 008 | 930329s1988 sa aceh 000 0 eng d | ||
| 010 | _a 89163415 | ||
| 020 | _a0868521647 | ||
| 035 | _a(OCoLC)21019604 | ||
| 040 |
_aWU _cWU _dDLC _dMH _dDLC |
||
| 042 | _alccopycat | ||
| 043 | _af-sa--- | ||
| 050 | 0 | 4 |
_aPN2986.J6 _bM377 1988 |
| 100 | 1 |
_aSchwartz, Pat. _923644 |
|
| 245 | 1 | 4 |
_aThe best of company : _bthe story of Johannesburg's Market Theatre / _cPat Schwartz. |
| 260 |
_aCraighall [South Africa] : _bAd. Donker, _c1988. |
||
| 300 |
_a280 p. : _bill., facsims., plan, ports. ; _c26 cm. |
||
| 610 | 2 | 0 |
_aMarket Theatre (Johannesburg, South Africa) _xHistory. _923645 |
| 650 | 0 |
_aTheater _zSouth Africa _zJohannesburg _xHistory. _923646 |
|
| 906 |
_a7 _bcbc _ccopycat _d4 _encip _f19 _gy-gencatlg |
||
| 942 |
_2lcc _cMONOGRAPH |
||
| 999 |
_c124553 _d124553 |
||